| 000 | 00000nas##2200000za#4500 |
| 001 | 9.514693 |
| 003 | CaOODSP |
| 005 | 20210615082905 |
| 007 | ta |
| 008 | 150406c2001||||xxc|| m #||||f| |0eng|d |
| 040 | |aCaOODSP|beng |
| 043 | |an-cn--- |
| 086 | 1 |aH113-12E |
| 110 | 1 |aCanada. |bPest Management Regulatory Agency. |
| 245 | 10|aRe-evaluation decision document |
| 260 | |aOttawa - Ontario : |bHealth Canada. |
| 310 | |aIrregular |
| 362 | 1 |aRRD2001-02, December 12, 2001 -- RRD2006-24, 27 June 2006 |
| 500 | |aContinued by Re-evaluation decision (H113-28E). |
| 520 | 3 |aRe-evaluation Decision Documents are used to announce the Agency's final decision concerning an active ingredient, which has been under re-evaluation in Canada. Re-evaluation Decision Documents may follow a Re-evaluation Note (REV) or a Proposed Acceptability for Continuing Registration (PACR). The document explains how the final decision was made. |
| 563 | |aSoftcover |
| 775 | 08|tDécision de réévaluation |w(CaOODSP)9.513054 |
| 776 | 0#|tRe-evaluation decision document |w(CaOODSP)9.504451 |